The McGraw-Hill style manual : a concise guide for writers and editors (Record no. 50793)

MARC details
000 -LEADER
fixed length control field 00668nam a2200181 a 4500
008 - FIXED-LENGTH DATA ELEMENTS--GENERAL INFORMATION
fixed length control field 120416s1982 ||||||||||||||||| || u
020 ## - INTERNATIONAL STANDARD BOOK NUMBER
International Standard Book Number 0070386765
050 ## - LIBRARY OF CONGRESS CALL NUMBER
Classification number PN 147 MAC
100 ## - MAIN ENTRY--PERSONAL NAME
Personal name Longyear, Marie
245 14 - TITLE STATEMENT
Title The McGraw-Hill style manual : a concise guide for writers and editors
Statement of responsibility, etc. edited by Marie Longyear
246 ## - VARYING FORM OF TITLE
Title proper/short title a concise guide for writers and editors
260 ## - PUBLICATION, DISTRIBUTION, ETC.
Place of publication, distribution, etc. New York
Name of publisher, distributor, etc. McGraw-Hill
Date of publication, distribution, etc. 1982
300 ## - PHYSICAL DESCRIPTION
Extent xiii, 333p. : ill.
350 ## - PRICE (NR) (BK AM CF MU VM SE) [OBSOLETE]
Price 0.00
650 ## - SUBJECT ADDED ENTRY--TOPICAL TERM
Topical term or geographic name entry element TEXTBOOKS
710 ## - ADDED ENTRY--CORPORATE NAME
Corporate name or jurisdiction name as entry element McGraw-Hill Book Company
995 ## - RECOMMENDATION 995 [LOCAL, UNIMARC FRANCE]
-- 0.00
-- CBU-MAIN LIBRARY (Kitwe)
-- 1
-- 15.50
-- 1
-- REFERENCE
-- Reference Collection
Holdings
Withdrawn status Lost status Source of classification or shelving scheme Damaged status Not for loan Home library Current library Shelving location Date acquired Total Checkouts Full call number Barcode Date last seen Price effective from Koha item type
          CBU-MAIN LIBRARY, KITWE. CBU-MAIN LIBRARY, KITWE.   11/30/2022   PN 147 MAC 022895 11/30/2022 11/30/2022 MONOGRAPH